ITZY members - Statistics

General Stats
  • This quiz has been taken 46 times
  • The average score is 5 of 5
Answer Stats
Picture Answer % Correct
Lia
100%
Yuna
100%
Yeji
97%
Ryujin
95%
Chaeryeong
92%
No matching quizzes found
Score Distribution
Percent of People with Each Score
Percentile by Number Answered
Your Score History
You have not taken this quiz